[Event "Myriam Roy II"]
[Site "Montreal CAN"]
[Date "2007.08.26"]
[Round "5"]
[White "Arsenault, Nicolas"]
[Black "Kraiouchkine, Nikita"]
[Result "1-0"]
[WhiteElo "2191"]
[BlackElo "2038"]
[PlyCount "109"]
[EventDate "2007.08.23"]
[EventType "tourn"]
[EventRounds "7"]
[EventCountry "CAN"]

1. e4 e5 2. Nc3 Nf6 3. f4 d5 4. fxe5 Nxe4 5. Nf3 Be7 6. Qe2 f5 7. d3 Nc5 8. Qf2
Ne6 9. g3 d4 10. Ne2 c5 11. Bg2 Nc6 12. h4 Qc7 13. O-O Nxe5 14. Nxe5 Qxe5 15.
Nf4 Qd6 16. Re1 Nc7 17. Bd2 O-O 18. Re2 Bf6 19. Nh5 Nd5 20. Qf3 Nb6 21. Bf4 Qd8
22. Rae1 Bd7 23. Qxb7 Qc8 24. Nxf6+ Rxf6 25. Re7 Qxb7 26. Bxb7 Raf8 27. Be5
R6f7 28. Bd6 c4 29. Bc5 Rb8 30. Bg2 cxd3 31. cxd3 Bb5 32. Rxf7 Kxf7 33. Re7+
Kf6 34. Rxa7 Nd7 35. Bxd4+ Ke6 36. Bf1 g6 37. Kf2 Kd5 38. Bc3 Nc5 39. Ke3 Re8+
40. Kd2 h5 41. Ra5 Kc6 42. Rxb5 Kxb5 43. d4+ Kc6 44. dxc5 Kxc5 45. b4+ Kb6 46.
Bd4+ Kc7 47. Bg2 Rd8 48. Kc3 Re8 49. a4 Re2 50. Bf3 Rh2 51. a5 Ra2 52. Be5+ Kc8
53. Bd5 Re2 54. Bf4 Re1 55. a6 1-0

[Event "Myriam Roy II"]
[Site "Montreal CAN"]
[Date "2007.08.26"]
[Round "6"]
[White "Kraiouchkine, Nikita"]
[Black "Bolduc, Steve"]
[Result "0-1"]
[WhiteElo "2038"]
[BlackElo "2262"]
[PlyCount "134"]
[EventDate "2007.08.23"]
[EventType "tourn"]
[EventRounds "7"]
[EventCountry "CAN"]

1. e4 c6 2. d4 d5 3. exd5 cxd5 4. c4 Nf6 5. Nc3 Nc6 6. Bg5 Be6 7. Nf3 Ne4 8.
Be2 Nxc3 9. bxc3 dxc4 10. Rb1 Qa5 11. O-O O-O-O 12. Qd2 f6 13. Be3 Bd5 14. Qb2
Rd7 15. Nd2 Qa6 16. a4 Na5 17. Qa2 e6 18. Rb5 Rc7 19. Bf4 Rc6 20. Bg4 Bd6 21.
Bxd6 Rxd6 22. Rfb1 Kb8 23. Be2 Rc8 24. Qa3 Rd7 25. Kf1 Ka8 26. Qa2 Nb3 27. Rb4
Nxd2+ 28. Qxd2 Qc6 29. f3 g5 30. Kg1 Qd6 31. Qa2 Rdc7 32. Bf1 h5 33. Re1 Qf4
34. Qf2 Rg8 35. Re3 g4 36. fxg4 Qxf2+ 37. Kxf2 hxg4 38. g3 Rh8 39. Kg1 Rch7 40.
Re2 f5 41. Bg2 a5 42. Rbb2 Bxg2 43. Rxg2 Rd8 44. Rb5 Rd5 45. Rxd5 exd5 46. Re2
b5 47. axb5 Kb7 48. Re5 Rd7 49. Rxf5 a4 50. Rf1 Kb6 51. Ra1 Kxb5 52. Kg2 Rh7
53. Ra2 Ka5 54. h4 gxh3+ 55. Kh2 Rh6 56. Ra1 Re6 57. Kxh3 Rb6 58. g4 Rb3 59.
Rc1 a3 60. g5 Ka4 61. g6 Rb8 62. Kg4 a2 63. Ra1 Kb3 64. Kf5 Kb2 65. Rg1 Kxc3
66. Ke5 Kb2 67. Kxd5 c3 0-1

[Event "Myriam Roy II"]
[Site "Montreal CAN"]
[Date "2007.08.27"]
[Round "7"]
[White "Le Duin, Thierry"]
[Black "Kraiouchkine, Nikita"]
[Result "0-1"]
[WhiteElo "2082"]
[BlackElo "2038"]
[PlyCount "72"]
[EventDate "2007.08.23"]
[EventType "tourn"]
[EventRounds "7"]
[EventCountry "CAN"]

1. d4 Nf6 2. Nf3 g6 3. c4 Bg7 4. Nc3 d5 5. Bf4 O-O 6. c5 c6 7. a3 b6 8. b4 bxc5
9. bxc5 Qa5 10. Qd2 Ba6 11. e3 Bxf1 12. Kxf1 Nfd7 13. Kg1 Re8 14. h3 Nxc5 15.
Ra2 Nbd7 16. Nxd5 Qxd2 17. Rxd2 cxd5 18. dxc5 e6 19. Bd6 Rac8 20. Rc2 Nb6 21.
cxb6 Rxc2 22. bxa7 Ra8 23. Bb8 Bb2 24. Nd4 Rc8 25. Kh2 Bxa3 26. Ra1 Bc5 27. Rc1
Bd6+ 28. Bxd6 Rxc1 29. Bb8 Rc8 30. g3 Rcxb8 31. axb8=Q+ Rxb8 32. Nc6 Rb2 33.
Kg2 Kg7 34. Kf3 Kf6 35. Kg2 e5 36. Kf3 Rb6 0-1

[Event "CAN-op"]
[Site "Ottawa CAN"]
[Date "2007.07.08"]
[Round "2"]
[White "Michielsen, Joost"]
[Black "Kraiouchkine, Nikita"]
[Result "1-0"]
[WhiteElo "2334"]
[BlackElo "2097"]
[PlyCount "81"]
[EventDate "2007.07.07"]
[EventType "swiss"]
[EventRounds "10"]
[EventCountry "CAN"]

1. e4 e5 2. Nf3 Nf6 3. Nxe5 d6 4. Nf3 Nxe4 5. Nc3 Nxc3 6. dxc3 Be7 7. Bf4 Nc6
8. Qd2 Bf5 9. O-O-O Qd7 10. Bb5 a6 11. Bxc6 bxc6 12. Rhe1 O-O 13. Ne5 Qe8 14.
Nxc6 Qxc6 15. Rxe7 Rfe8 16. Rxe8+ Rxe8 17. f3 Qa4 18. Kb1 Bxc2+ 19. Qxc2 Qxf4
20. h3 g6 21. Qf2 Qe5 22. a3 Qe2 23. Rd2 Qxf2 24. Rxf2 Kg7 25. Kc2 Kf6 26. Kd3
Kf5 27. b4 Re1 28. Re2 Rxe2 29. Kxe2 h5 30. a4 Ke5 31. Kd3 d5 32. h4 f6 33. f4+
Ke6 34. Ke3 Ke7 35. Kd4 Kd6 36. c4 dxc4 37. Kxc4 c6 38. Kd4 Kd7 39. Kc5 Kc7 40.
a5 f5 41. g3 1-0

[Event "CAN-op"]
[Site "Ottawa CAN"]
[Date "2007.07.10"]
[Round "5"]
[White "Kraiouchkine, Nikita"]
[Black "Bluvshtein, Mark"]
[Result "0-1"]
[WhiteElo "2131"]
[BlackElo "2520"]
[PlyCount "70"]
[EventDate "2007.07.07"]
[EventType "swiss"]
[EventRounds "10"]
[EventCountry "CAN"]

1. e4 c5 2. Nf3 d6 3. d4 cxd4 4. Nxd4 Nf6 5. Nc3 a6 6. Bc4 e6 7. Bb3 Nc6 8. O-O
Qc7 9. Be3 Na5 10. Qd3 b5 11. Rad1 Nxb3 12. Nxb3 Bb7 13. a3 Be7 14. Bf4 Rd8 15.
h3 O-O 16. Rfe1 Ba8 17. Qe3 Nd7 18. Qg3 Ne5 19. Re2 Nc4 20. Bc1 Bf6 21. Rd3 Qb6
22. Nd2 Ne5 23. Rde3 a5 24. f4 Ng6 25. Kh1 b4 26. axb4 axb4 27. Nd1 Bh4 28. Qf3
f5 29. g3 Be7 30. Kh2 e5 31. fxe5 fxe4 32. Qg2 d5 33. Rb3 Nxe5 34. Qg1 Bc5 35.
Qg2 e3 0-1

[Event "CAN-op"]
[Site "Ottawa CAN"]
[Date "2007.07.11"]
[Round "6"]
[White "Han, Yiming"]
[Black "Kraiouchkine, Nikita"]
[Result "0-1"]
[WhiteElo "1777"]
[BlackElo "2131"]
[PlyCount "112"]
[EventDate "2007.07.07"]
[EventType "swiss"]
[EventRounds "10"]
[EventCountry "CAN"]

1. e4 e5 2. Nf3 Nf6 3. Nc3 Bb4 4. d3 d5 5. Bd2 Nc6 6. exd5 Nxd5 7. Ne4 f5 8.
Ng3 Be7 9. c3 Be6 10. Qc2 O-O 11. O-O-O Qe8 12. h4 b5 13. Re1 b4 14. c4 b3 15.
axb3 Ndb4 16. Qd1 Qc8 17. Bc3 Qa6 18. Kd2 e4 19. Ng5 Na5 20. d4 Rfd8 21. Ne2
Bxg5+ 22. hxg5 Nd3 23. Nc1 Nxf2 24. Qh5 Nxh1 25. Qxh1 Qb6 26. b4 Nxc4+ 27. Bxc4
Bxc4 28. Qh3 Qg6 29. Qg3 h6 30. Qxc7 Rac8 31. Qxa7 f4 32. Qe7 e3+ 33. Kd1 Qxg5
34. Qxg5 hxg5 35. Ne2 Bd5 36. Rg1 Be4 37. Ke1 Ra8 38. Nc1 Kf7 39. Ke2 Rh8 40.
Nd3 Rh2 41. Ne1 Ra1 42. b5 Rc1 43. b6 Ra1 44. b7 Bxb7 45. Kd3 Ke6 46. d5+ Bxd5
47. Bxg7 Ra7 48. Bd4 Rah7 49. Bc3 Rh1 50. Rxh1 Rxh1 51. Nf3 Bxf3 52. gxf3 Kf5
53. b4 g4 54. fxg4+ Kxg4 55. Ke2 Rh2+ 56. Ke1 f3 0-1

[Event "CAN-op"]
[Site "Ottawa CAN"]
[Date "2007.07.12"]
[Round "7"]
[White "Thavandiran, Shiyam"]
[Black "Kraiouchkine, Nikita"]
[Result "1-0"]
[WhiteElo "2337"]
[BlackElo "2131"]
[PlyCount "89"]
[EventDate "2007.07.07"]
[EventType "swiss"]
[EventRounds "10"]
[EventCountry "CAN"]

1. e4 e5 2. Nf3 Nc6 3. Bc4 Nf6 4. d3 Bc5 5. c3 d6 6. Nbd2 Bb6 7. O-O Bg4 8. Re1
O-O 9. Nf1 d5 10. exd5 Nxd5 11. Ng3 h6 12. h3 Be6 13. Bb3 Qd6 14. d4 exd4 15.
cxd4 Rad8 16. a3 Rfe8 17. Ne4 Qe7 18. Ba4 f5 19. Ned2 Nf6 20. Bxc6 bxc6 21. b4
a5 22. bxa5 Bxa5 23. Qc2 Qd7 24. Bb2 Bb6 25. Ne5 Qd5 26. Nxc6 Rd6 27. Nb4 Qa8
28. Nc4 Bxc4 29. Qxc4+ Kh7 30. Nd3 Red8 31. Ne5 Bxd4 32. Bxd4 Rxd4 33. Qxc7 Rd2
34. Qf7 Rf8 35. Qg6+ Kg8 36. Qxf5 Qa7 37. Qe6+ Kh7 38. Qf5+ Kg8 39. Nc6 Qb6 40.
Ne7+ Kh8 41. Ng6+ Kg8 42. Ne7+ Kh8 43. Ng6+ Kg8 44. Nxf8 Kxf8 45. Rad1 1-0

[Event "CAN-op"]
[Site "Ottawa CAN"]
[Date "2007.07.14"]
[Round "9"]
[White "Kraiouchkine, Nikita"]
[Black "Duong, Thanh Nha"]
[Result "0-1"]
[WhiteElo "2131"]
[BlackElo "2300"]
[PlyCount "150"]
[EventDate "2007.07.07"]
[EventType "swiss"]
[EventRounds "10"]
[EventCountry "CAN"]

1. e4 e6 2. d4 d5 3. e5 c5 4. c3 Nc6 5. Nf3 Bd7 6. a3 f6 7. Bf4 Qb6 8. b4 cxd4
9. cxd4 fxe5 10. Bxe5 Nxe5 11. Nxe5 Nf6 12. Nxd7 Nxd7 13. Nc3 Be7 14. Na4 Qd6
15. Nc5 b6 16. Nxd7 Qxd7 17. Be2 O-O 18. O-O Bf6 19. Bg4 Qd6 20. Ra2 a5 21. b5
e5 22. dxe5 Bxe5 23. g3 Rad8 24. a4 Bc3 25. Qb3 Bb4 26. Re2 Kh8 27. Re6 Qc5 28.
Rc6 Qd4 29. Qd1 Qxd1 30. Rxd1 Bc5 31. Rd2 g6 32. Kg2 Rfe8 33. Re6 Rxe6 34. Bxe6
d4 35. Bc4 Kg7 36. Bd3 Kf6 37. Re2 Rc8 38. Kf3 Bb4 39. Rc2 Bc3 40. Re2 Kf7 41.
Kg4 Rc5 42. Kf3 Rc8 43. Kg4 Kf6 44. Kf3 h6 45. h3 g5 46. g4 Bb4 47. Rc2 Bc5 48.
Re2 Rd8 49. Re1 Bb4 50. Re2 Rc8 51. Rc2 Bc3 52. Re2 Rd8 53. Re4 Bb4 54. Re2 Bc5
55. Re1 Bd6 56. Re2 Rc8 57. Rc2 Rxc2 58. Bxc2 Ke5 59. Bd3 Kd5 60. Ke2 Bf4 61.
f3 Kc5 62. Bc2 Kc4 63. Kd1 Kb4 64. Ke2 Kc3 65. Kd1 d3 66. Bb1 Be3 67. Ke1 Bd2+
68. Kd1 Bf4 69. Ke1 Kb3 70. Bxd3 Kxa4 71. Kd1 Kb3 72. Be4 Kc4 73. Bc6 Kc3 74.
Bd5 a4 75. Ke2 a3 0-1

[Event "CYCC U12"]
[Site "Ottawa CAN"]
[Date "2007.07.03"]
[Round "1"]
[White "Lepine, Cedric"]
[Black "Kraiouchkine, Nikita"]
[Result "0-1"]
[WhiteElo "1516"]
[BlackElo "2098"]
[PlyCount "61"]
[EventDate "2007.07.03"]
[EventType "swiss"]
[EventRounds "7"]
[EventCountry "CAN"]

1. e4 e5 2. Nf3 Nc6 3. Bb5 a6 4. Ba4 Nf6 5. d3 b5 6. Bb3 Bc5 7. Bg5 h6 8. Bh4
d6 9. h3 Nd4 10. Nbd2 Bb6 11. a4 Nxb3 12. Nxb3 Bb7 13. a5 Ba7 14. c3 O-O 15.
O-O Re8 16. Nbd2 d5 17. Re1 Qd6 18. Bxf6 Qxf6 19. d4 exd4 20. e5 Qf4 21. Nxd4
Bxd4 22. cxd4 Qxd4 23. Nf3 Qxb2 24. Qd3 Qb4 25. Nd4 Qf8 26. Re3 g6 27. Rae1 c5
28. Ne2 d4 29. Rg3 Rxe5 30. f4 Be4 31. Qb3 0-1

[Event "CYCC U12"]
[Site "Ottawa CAN"]
[Date "2007.07.03"]
[Round "2"]
[White "Kraiouchkine, Nikita"]
[Black "Leu, Richard"]
[Result "1-0"]
[WhiteElo "2098"]
[BlackElo "1824"]
[PlyCount "141"]
[EventDate "2007.07.03"]
[EventType "swiss"]
[EventRounds "7"]
[EventCountry "CAN"]

1. e4 c5 2. Nf3 e6 3. d4 cxd4 4. Nxd4 a6 5. Nc3 Qc7 6. Bd3 Bc5 7. Be3 Nf6 8.
O-O Be7 9. f4 d6 10. Qf3 Nbd7 11. Qg3 Rg8 12. Nf3 Nb6 13. Bd4 h6 14. e5 Nh5 15.
Qf2 Nd7 16. Nd2 g6 17. Rae1 d5 18. f5 gxf5 19. Bxf5 exf5 20. Qxf5 Ndf6 21. Qf2
Be6 22. exf6 Bd6 23. Rxe6+ fxe6 24. f7+ Kf8 25. fxg8=Q+ Kxg8 26. Qh4 Bc5 27.
Bxc5 Qxc5+ 28. Kh1 d4 29. Nce4 Qd5 30. Qxh5 Qxh5 31. Nf6+ Kh8 32. Nxh5 Rc8 33.
Rc1 d3 34. c3 Rf8 35. Rf1 Rd8 36. Rf7 Kg8 37. Rf6 Rd6 38. h3 Rb6 39. b3 Rc6 40.
c4 b5 41. Rf3 bxc4 42. Nxc4 Rc5 43. Nf6+ Kg7 44. Ne8+ Kg6 45. Rxd3 Kf7 46.
Ned6+ Ke7 47. Ne4 Rf5 48. Kh2 Rf1 49. Rd6 Ra1 50. Rxa6 Re1 51. Nc5 e5 52. Re6+
Kf7 53. Rxe5 Rd1 54. a4 Ra1 55. a5 Kf6 56. a6 Kf7 57. Rd5 Ke7 58. Rd7+ Kf6 59.
a7 h5 60. Nb6 h4 61. a8=Q Rxa8 62. Nxa8 Ke5 63. g3 hxg3+ 64. Kxg3 Kf6 65. Kf4
Kg6 66. Rd6+ Kf7 67. Kf5 Kg7 68. Rd7+ Kf8 69. Kf6 Ke8 70. b4 Kf8 71. Rd8# 1-0

[Event "CYCC U12"]
[Site "Ottawa CAN"]
[Date "2007.07.04"]
[Round "3"]
[White "Marinkovic, Mate"]
[Black "Kraiouchkine, Nikita"]
[Result "0-1"]
[WhiteElo "1907"]
[BlackElo "2098"]
[PlyCount "122"]
[EventDate "2007.07.03"]
[EventType "swiss"]
[EventRounds "7"]
[EventCountry "CAN"]

1. d4 d5 2. Nf3 Nf6 3. Bg5 Ne4 4. Bf4 c5 5. e3 Bg4 6. Bxb8 Rxb8 7. Bb5+ Bd7 8.
Bxd7+ Qxd7 9. Ne5 Qb5 10. Nd2 Nxd2 11. Qxd2 e6 12. c3 Bd6 13. Nf3 O-O 14. Qe2
Qxe2+ 15. Kxe2 c4 16. Rhe1 b5 17. Kd2 b4 18. Rab1 f5 19. Ng5 Rfe8 20. f4 Rb6
21. Kc2 h6 22. Nf3 Reb8 23. Ne5 R8b7 24. Rf1 Kf8 25. Rg1 Ke8 26. Rgf1 Ra6 27.
Ra1 Rb5 28. Rfe1 Rab6 29. Rab1 Bc7 30. Rf1 Ra6 31. Ra1 Rb7 32. a3 bxc3 33. bxc3
Rb3 34. Rfb1 Rbxa3 35. Rxa3 Rxa3 36. Nc6 Kd7 37. Ne5+ Kc8 38. Nc6 Bb6 39. Rb2
Kc7 40. Nb4 Ba5 41. Na6+ Kc6 42. Nb4+ Kd6 43. Na2 h5 44. h4 Kc7 45. g3 Kd6 46.
Kd2 Bc7 47. Kc2 a5 48. Kd2 a4 49. Kc2 Ba5 50. Kd2 Rb3 51. Kc2 Kc6 52. Rb1 Bd8
53. Nb4+ Kb5 54. Na2 Ka5 55. Rb2 Be7 56. Nc1 Ba3 57. Rb1 Rxb1 58. Kxb1 Bxc1 59.
Kxc1 a3 60. Kb1 Ka4 61. Ka2 g6 0-1

[Event "CYCC U12"]
[Site "Ottawa CAN"]
[Date "2007.07.04"]
[Round "4"]
[White "Kraiouchkine, Nikita"]
[Black "Gusev, Nikita"]
[Result "1-0"]
[WhiteElo "2098"]
[BlackElo "2032"]
[PlyCount "149"]
[EventDate "2007.07.03"]
[EventType "swiss"]
[EventRounds "7"]
[EventCountry "CAN"]

1. e4 c5 2. Nf3 Nc6 3. d4 cxd4 4. Nxd4 g6 5. Nc3 Bg7 6. Be3 Nf6 7. Be2 d6 8.
O-O O-O 9. Nb3 Bd7 10. h3 a6 11. Qd2 b5 12. a3 Ne5 13. Bh6 Bc6 14. Bxg7 Kxg7
15. Qd4 Rc8 16. f4 Nc4 17. Bxc4 bxc4 18. Nd2 e5 19. fxe5 dxe5 20. Qxe5 Qxd2 21.
Qxf6+ Kg8 22. Rf2 Qe3 23. Kh2 Rce8 24. Re2 Qc5 25. Rd1 Qe5+ 26. Qxe5 Rxe5 27.
Rd6 Re6 28. Red2 Rfe8 29. Rxe6 Rxe6 30. Rd4 f5 31. exf5 gxf5 32. Rxc4 Rg6 33.
g3 Rd6 34. Kg1 Kf7 35. Rf4 Kg6 36. Rf1 Rd2 37. Rf2 Rd4 38. Re2 Kf6 39. Kf2 f4
40. gxf4 Rxf4+ 41. Ke1 Rf3 42. Rf2 Kg5 43. Rxf3 Bxf3 44. Kf2 Kf4 45. Ne2+ Ke4
46. Ng3+ Kf4 47. Nf1 Be4 48. Ne3 Bc6 49. c4 Bd7 50. h4 Bc6 51. Nd5+ Bxd5 52.
cxd5 Ke5 53. Ke3 Kxd5 54. Kd3 a5 55. b3 h5 56. Ke3 Ke5 57. b4 a4 58. Kd3 Kd5
59. Kc3 Kc6 60. Kc4 Kb6 61. Kd5 Kb5 62. Ke6 Kc4 63. Kf5 Kb3 64. b5 Kxa3 65. b6
Ka2 66. b7 a3 67. b8=Q Ka1 68. Qa7 a2 69. Kg5 Kb1 70. Qxa2+ Kxa2 71. Kxh5 Kb3
72. Kg6 Kc4 73. h5 Kd5 74. h6 Ke6 75. h7 1-0

[Event "CYCC U12"]
[Site "Ottawa CAN"]
[Date "2007.07.05"]
[Round "5"]
[White "Han, Yiming"]
[Black "Kraiouchkine, Nikita"]
[Result "0-1"]
[WhiteElo "1904"]
[BlackElo "2098"]
[PlyCount "60"]
[EventDate "2007.07.03"]
[EventType "swiss"]
[EventRounds "7"]
[EventCountry "CAN"]

1. e4 e5 2. Nf3 Nf6 3. Nc3 Nc6 4. d4 exd4 5. Nxd4 Bb4 6. Nxc6 bxc6 7. Bd3 d5 8.
exd5 Qe7+ 9. Qe2 Qxe2+ 10. Bxe2 cxd5 11. O-O O-O 12. Nb5 Ba6 13. c3 Bc5 14. Nd4
Bxe2 15. Nxe2 Rfe8 16. Nd4 Rab8 17. Nb3 Bb6 18. Bf4 Re2 19. Rab1 Ne4 20. Bg3 f5
21. Nc1 Rd2 22. Nb3 Rc2 23. h4 Nxg3 24. Rfd1 Bxf2+ 25. Kh2 c6 26. Nd4 Bxd4 27.
cxd4 Ne4 28. Rf1 Nd2 29. Rbc1 Nxf1+ 30. Rxf1 Rbxb2 0-1

[Event "CYCC U12"]
[Site "Ottawa CAN"]
[Date "2007.07.05"]
[Round "6"]
[White "Kraiouchkine, Nikita"]
[Black "Qin, Zi Yi (Joey)"]
[Result "1/2-1/2"]
[WhiteElo "2098"]
[BlackElo "2089"]
[PlyCount "163"]
[EventDate "2007.07.03"]
[EventType "swiss"]
[EventRounds "7"]
[EventCountry "CAN"]

1. e4 c5 2. Nf3 d6 3. d4 cxd4 4. Nxd4 Nf6 5. Nc3 a6 6. Bc4 e6 7. Bb3 Nbd7 8. f4
Nc5 9. Qe2 Be7 10. O-O O-O 11. Nf3 Qc7 12. e5 dxe5 13. fxe5 Nfd7 14. Bf4 b5 15.
Ne4 Nxe4 16. Qxe4 Bb7 17. Qe2 Nc5 18. Nd4 Rad8 19. c3 Nxb3 20. Nxb3 Bd5 21.
Rfd1 Bc4 22. Qf3 Rd5 23. Nd4 Rd7 24. Qg3 Rfd8 25. Bg5 Bxg5 26. Qxg5 b4 27. Qe3
bxc3 28. bxc3 Rd5 29. Re1 Rc5 30. a4 Rdd5 31. Qg3 Rxe5 32. Rxe5 Qxe5 33. Qxe5
Rxe5 34. Rb1 g6 35. Rb4 Rc5 36. Kf2 Bd5 37. Ne2 Rc4 38. g3 e5 39. Ke3 f5 40.
Kd3 Rc5 41. Nc1 Kf7 42. Nb3 Bxb3 43. Rxb3 Rc7 44. Rb6 e4+ 45. Kd4 Rd7+ 46. Ke5
e3 47. Rf6+ Kg7 48. Re6 e2 49. Kf4 Rc7 50. Rxe2 Rc4+ 51. Ke5 Rxc3 52. Ra2 a5
53. Kd4 Rb3 54. Kc4 Rb4+ 55. Kd3 g5 56. Ke3 Kf6 57. Ra3 Ke5 58. h3 h5 59. Kd3
h4 60. gxh4 Rxh4 61. Ke2 Re4+ 62. Kf3 Rh4 63. Ke2 Kd5 64. Rg3 g4 65. hxg4 Rxg4
66. Rf3 Re4+ 67. Kd2 f4 68. Ra3 Kc5 69. Ra1 Kb4 70. Kd3 Re3+ 71. Kd4 Ra3 72.
Rb1+ Kxa4 73. Kc4 Ra2 74. Rf1 Rc2+ 75. Kd3 Rc8 76. Rxf4+ Ka3 77. Rc4 Rb8 78.
Kc2 a4 79. Kc1 Kb3 80. Rc2 Rd8 81. Kb1 a3 82. Rc1 1/2-1/2

[Event "CYCC U12"]
[Site "Ottawa CAN"]
[Date "2007.07.06"]
[Round "7"]
[White "Inigo, Aquino"]
[Black "Kraiouchkine, Nikita"]
[Result "0-1"]
[WhiteElo "1995"]
[BlackElo "2098"]
[PlyCount "70"]
[EventDate "2007.07.03"]
[EventType "swiss"]
[EventRounds "7"]
[EventCountry "CAN"]

1. d4 d5 2. c4 e6 3. Nc3 Nf6 4. cxd5 exd5 5. Bg5 Nbd7 6. e3 Bb4 7. Bd3 c5 8.
Nge2 Qa5 9. O-O O-O 10. a3 Bxc3 11. Nxc3 c4 12. Be2 b5 13. Bf3 Bb7 14. Qd2 Qb6
15. Rfb1 Rfc8 16. b3 a6 17. Na2 Ne4 18. Bxe4 dxe4 19. Nc3 Qe6 20. b4 Nb6 21. a4
bxa4 22. Nxa4 Nxa4 23. Rxa4 c3 24. Qc2 Bc6 25. Ra3 Bb5 26. Rc1 Bd3 27. Qa2 Qxa2
28. Rxa2 Kf8 29. f3 Rc7 30. fxe4 Bxe4 31. Bf4 Ke7 32. Kf2 Rc4 33. b5 axb5 34.
Rb2 Rca4 35. Rxb5 Ra1 0-1

[Event "Sherbrooke op A"]
[Site "Sherbrooke CAN"]
[Date "2007.05.26"]
[Round "2"]
[White "Kraiouchkine, Nikita"]
[Black "Pilotte, Benoit"]
[Result "1-0"]
[WhiteElo "1846"]
[BlackElo "2186"]
[PlyCount "63"]
[EventDate "2007.05.25"]
[EventType "swiss"]
[EventRounds "5"]
[EventCountry "CAN"]

1. e4 g6 2. d4 Bg7 3. Nc3 d6 4. g3 c6 5. a4 Qb6 6. Nge2 Bg4 7. a5 Qc7 8. Bg2 e5
9. Be3 Ne7 10. h3 Bd7 11. O-O Na6 12. Qd2 f5 13. Rfd1 fxe4 14. d5 c5 15. Bg5
Nf5 16. g4 e3 17. fxe3 h6 18. gxf5 hxg5 19. e4 Bh6 20. Rf1 g4 21. Qd3 gxh3 22.
Nb5 Bxb5 23. Qxb5+ Ke7 24. f6+ Kf7 25. Bxh3 Be3+ 26. Kg2 Rxh3 27. Kxh3 Nb4 28.
Kg2 Nxc2 29. Qd3 Nxa1 30. Qxe3 Nc2 31. Qh6 Qd7 32. Qg7+ 1-0

[Event "Sherbrooke op A"]
[Site "Sherbrooke CAN"]
[Date "2007.05.26"]
[Round "3"]
[White "Kraiouchkine, Nikita"]
[Black "Liard, Serge"]
[Result "1-0"]
[WhiteElo "2071"]
[BlackElo "1948"]
[PlyCount "37"]
[EventDate "2007.05.25"]
[EventType "swiss"]
[EventRounds "5"]
[EventCountry "CAN"]

1. e4 e6 2. d4 d5 3. e5 c5 4. c3 Nc6 5. Nf3 Qb6 6. a3 Bd7 7. b4 cxd4 8. cxd4
Nh6 9. Be3 Nf5 10. Nc3 Be7 11. Bd3 Nxe3 12. fxe3 Qd8 13. O-O f5 14. exf6 Bxf6
15. Ne5 Bxe5 16. Qh5+ g6 17. Bxg6+ hxg6 18. Qxg6+ Ke7 19. Qf7+ 1-0

[Event "Sherbrooke op A"]
[Site "Sherbrooke CAN"]
[Date "2007.05.27"]
[Round "4"]
[White "Larochelle, Martial"]
[Black "Kraiouchkine, Nikita"]
[Result "1-0"]
[WhiteElo "2186"]
[BlackElo "2071"]
[PlyCount "117"]
[EventDate "2007.05.25"]
[EventType "swiss"]
[EventRounds "5"]
[EventCountry "CAN"]

1. Nf3 d5 2. d4 Nf6 3. c4 e6 4. Nc3 Bb4 5. cxd5 exd5 6. Bg5 Nbd7 7. Qc2 c5 8.
dxc5 Qa5 9. Bd2 Nxc5 10. a3 Ne6 11. e3 Bd7 12. Bd3 Rc8 13. O-O Be7 14. Ne5 Qc7
15. Nxd7 Qxd7 16. Rad1 O-O 17. Qb1 Rfd8 18. Ne2 g6 19. Bc3 Nc5 20. Nf4 Qc6 21.
Bd4 Nb3 22. Bc3 Ne4 23. Nxd5 Qxd5 24. Bxe4 Qb5 25. Rxd8+ Rxd8 26. Rd1 Rc8 27.
Bf3 Bxa3 28. Qe4 Bf8 29. Qxb7 Qxb7 30. Bxb7 Rb8 31. Bd5 Nc5 32. Ra1 a6 33. g3
Rd8 34. Bc4 Bg7 35. Bxg7 Kxg7 36. b4 Nd3 37. Bxd3 Rxd3 38. Rxa6 Rb3 39. Rb6 Kh6
40. Kg2 Kg5 41. Rb7 Kf6 42. Kf3 Rb2 43. g4 g5 44. Rb5 h6 45. Rf5+ Ke6 46. b5
Rb1 47. e4 Rc1 48. Ke3 Rg1 49. f3 Rh1 50. Kd4 Rxh2 51. Kc5 h5 52. gxh5 Rc2+ 53.
Kb6 f6 54. Kb7 Re2 55. b6 g4 56. fxg4 Rxe4 57. Kc6 Rc4+ 58. Rc5 Rxg4 59. b7 1-0

[Event "Sherbrooke op A"]
[Site "Sherbrooke CAN"]
[Date "2007.05.27"]
[Round "5"]
[White "Szalay, Karoly"]
[Black "Kraiouchkine, Nikita"]
[Result "0-1"]
[WhiteElo "1999"]
[BlackElo "2071"]
[PlyCount "112"]
[EventDate "2007.05.25"]
[EventType "swiss"]
[EventRounds "5"]
[EventCountry "CAN"]

1. e4 e5 2. Nf3 Nc6 3. Bb5 a6 4. Ba4 Nf6 5. O-O b5 6. Bb3 Bc5 7. Nxe5 Nxe5 8.
d4 Bxd4 9. Qxd4 d6 10. f4 c5 11. Qd1 Neg4 12. c3 Bb7 13. h3 Nh6 14. Re1 O-O 15.
Bc2 d5 16. e5 Ne4 17. Bxe4 dxe4 18. Qxd8 Rfxd8 19. g4 Rd3 20. Be3 Rad8 21. Kh2
Bc8 22. Bxc5 Rf3 23. Bd4 Rxf4 24. Nd2 Rxd4 25. cxd4 Rf2+ 26. Kg3 Rxd2 27. Rac1
Be6 28. Rxe4 Kf8 29. Rf4 Rxb2 30. d5 Bxd5 31. g5 Rg2+ 32. Kh4 Be6 33. Rcf1 g6
34. R1f2 Rg1 35. a4 Nf5+ 36. Rxf5 Bxf5 37. axb5 Rh1 38. Kg3 Rxh3+ 39. Kf4 Rh4+
40. Kf3 axb5 41. Rb2 Rg4 42. Rxb5 Rxg5 43. Rb7 Be6 44. Kf4 Rg4+ 45. Ke3 h5 46.
Rb8+ Kg7 47. Re8 h4 48. Kf3 Rg3+ 49. Kf4 Rg1 50. Rd8 h3 51. Rd2 Rg2 52. Rd1 h2
53. Rh1 Bd5 54. e6 Rf2+ 55. Ke3 Bxh1 56. e7 Bc6 0-1

[Event "Quebec-ch U20"]
[Site "Montreal CAN"]
[Date "2007.04.20"]
[Round "1"]
[White "Kraiouchkine, Nikita"]
[Black "Benoit-Deschamps, Jean-Marc"]
[Result "1/2-1/2"]
[WhiteElo "2063"]
[BlackElo "2086"]
[PlyCount "59"]
[EventDate "2007.04.20"]
[EventType "tourn"]
[EventRounds "5"]
[EventCountry "CAN"]

1. e4 c5 2. Nf3 d6 3. d4 cxd4 4. Nxd4 Nf6 5. Nc3 g6 6. Be3 Bg7 7. f3 Nc6 8. Qd2
O-O 9. g4 Be6 10. O-O-O Nxd4 11. Bxd4 Qa5 12. Kb1 Rfc8 13. g5 Nh5 14. Bxg7 Nxg7
15. Nd5 Qxd2 16. Rxd2 Kf8 17. Rd4 Bxd5 18. Rxd5 Rc5 19. Rxc5 dxc5 20. Bc4 Rd8
21. Kc1 Nh5 22. e5 Rd4 23. b3 e6 24. Rd1 Rxd1+ 25. Kxd1 Nf4 26. Kd2 a6 27. a3
Ke7 28. c3 Kd7 29. Bd3 Nxd3 30. Kxd3 1/2-1/2

[Event "Quebec-ch U20"]
[Site "Montreal CAN"]
[Date "2007.04.21"]
[Round "2"]
[White "Ye, Ling Feng"]
[Black "Kraiouchkine, Nikita"]
[Result "1-0"]
[WhiteElo "2134"]
[BlackElo "2063"]
[PlyCount "115"]
[EventDate "2007.04.20"]
[EventType "tourn"]
[EventRounds "5"]
[EventCountry "CAN"]

1. e4 e5 2. Nf3 Nc6 3. Bb5 f5 4. Nc3 fxe4 5. Nxe4 d5 6. Nxe5 dxe4 7. Nxc6 Qd5
8. c4 Qd6 9. Qh5+ g6 10. Qe5+ Qxe5 11. Nxe5+ c6 12. Ba4 Bg7 13. d4 exd3 14. Bf4
g5 15. Bg3 Ne7 16. O-O-O Nf5 17. Nxd3 Nxg3 18. Rhe1+ Kf7 19. fxg3 Bg4 20. Rf1+
Kg6 21. Bc2 Kh6 22. Rd2 Rad8 23. Nf2 Bc8 24. Rfd1 Bf6 25. Ne4 Be7 26. Rxd8 Rxd8
27. Rxd8 Bxd8 28. Nd6 Be6 29. Nxb7 Bf6 30. b3 Bd4 31. Nd8 Bd7 32. Be4 c5 33.
Nc6 Bxc6 34. Bxc6 g4 35. Kd2 Kg5 36. Kd3 Bg1 37. Ke4 Kf6 38. h4 gxh3 39. gxh3
Ke6 40. Bd5+ Kd6 41. Kf5 Be3 42. h4 h6 43. g4 a5 44. Kg6 Ke7 45. Kg7 Bd2 46. g5
hxg5 47. h5 Bc3+ 48. Kg8 Bf6 49. h6 Kd6 50. h7 Ke5 51. h8=Q Bxh8 52. Kxh8 Kd4
53. Kg7 Kc3 54. Kf6 Kb2 55. Ke5 Kxa2 56. Kd6 Kxb3 57. Kxc5 Kc3 58. Kd6 1-0

[Event "Quebec-ch U20"]
[Site "Montreal CAN"]
[Date "2007.04.21"]
[Round "3"]
[White "Kraiouchkine, Nikita"]
[Black "Ramaswamy, Kishor"]
[Result "0-1"]
[WhiteElo "2063"]
[BlackElo "2087"]
[PlyCount "69"]
[EventDate "2007.04.20"]
[EventType "tourn"]
[EventRounds "5"]
[EventCountry "CAN"]

1. e4 c6 2. d4 d5 3. exd5 cxd5 4. c4 Nf6 5. Nc3 e6 6. Nf3 Bb4 7. Bg5 Bxc3+ 8.
bxc3 Qc7 9. Bxf6 gxf6 10. Nd2 Bd7 11. Rc1 dxc4 12. Bxc4 Bc6 13. f3 Nd7 14. Qe2
O-O-O 15. Bb5 Nb6 16. Bxc6 Qxc6 17. Kf2 Rhg8 18. Qe4 f5 19. Qxc6+ bxc6 20. Nb3
Nc4 21. Rhe1 Rd5 22. Rb1 Rb5 23. Nc5 Kc7 24. Rxb5 cxb5 25. a4 bxa4 26. Rb1 Nb6
27. Ra1 a5 28. Nxa4 Nxa4 29. Rxa4 Ra8 30. Ke3 Kd6 31. c4 f6 32. f4 Ra7 33. g3
Kc6 34. Kf3 Kd6 35. Ke3 0-1